Máximas y pensamientos.

Furkejuvvon:
Bibliográfalaš dieđut
Váldodahkki: Bonaparte, Napoleón, 1769-1821 (autor)
Eará dahkkit: Balzac, Honoré de (Selección, presentación), Campos, Vicente (edición), Aristu, José Luis (traducción)
Materiálatiipa: Dovdameahttun
Giella:eaŋgalasgiella
Almmustuhtton: Santiago, Chile: Ariel, 2023.
Preanttus:Primera edición.
Ráidu:Ariel Quintaesencia.
Fáttát:
Fáddágilkorat: Lasit fáddágilkoriid
Eai fáddágilkorat, Lasit vuosttaš fáddágilkora!

MARC

LEADER 00000 a2200000 4500
003 CL-VaPUC
005 20240104154640.0
008 231215t2023 ||||| |||| 00| 0 eng d
999 |c 442577  |d 442575 
020 |a 978-956-9948-34-3 
040 |c Pontificia Universidad Católica de Valparaíso 
082 |2 22  |a 848.7 BON 2023 
100 |a Bonaparte, Napoleón,  |9 879710  |d 1769-1821  |e autor 
245 |a Máximas y pensamientos. 
250 |a Primera edición.  
260 |a Santiago, Chile:   |b Ariel,   |c 2023. 
300 |a 159 páginas. 
490 |a Ariel Quintaesencia. 
583 |k GC  |c 20231215 
600 0 |9 879710  |a Bonaparte, Napoleón,  |d 1769-1821,  |c Emperador de Francia   |v Antología   |x Máximas y pensamientos  
650 0 |9 862977  |a Literatura francesa   |x Escritos varios  |x Aforismos, sentencias, etc.  |y Siglo 19  
700 |9 265437  |a Balzac, Honoré de  |e Selección  |e presentación 
700 |9 886552  |a Campos, Vicente  |e edición 
700 |9 886553  |a Aristu, José Luis   |e traducción 
942 |2 ddc  |c BK 
952 |0 0  |1 0  |2 ddc  |4 0  |6 848_700000000000000_BON_2023  |7 0  |8 A  |9 592852  |a BIBGIM  |b BIBGIM  |c GEN  |d 2023-12-15  |e 189  |g 12367.00  |i 5659817  |o 848.7 BON 2023  |p 5659817  |r 2025-01-15  |t 1  |v 12367.00  |w 2023-12-15  |y BK  |k SSL